[Event "GER-ch Rapid 51st"]
[Site "Neuwied"]
[Date "2025.06.15"]
[Round "9"]
[White "Peng, Xiang Tobias"]
[Black "Barzen, Pascal"]
[Result "0-1"]
[WhiteElo "2229"]
[BlackElo "2348"]
[PlyCount "74"]
[EventDate "2025.06.14"]
[EventType "swiss (rapid)"]
[EventRounds "9"]
[EventCountry "GER"]
[SourceTitle "CB25_2025"]
[SourceDate "2025.06.18"]
[SourceVersion "1"]
[SourceVersionDate "2025.06.18"]
[SourceQuality "1"]

1. e4 c5 2. Nf3 e6 3. d4 cxd4 4. Nxd4 a6 5. Nc3 b5 6. g3 Nf6 7. Bg2 Bb7 8. 0-0 b4 9. Na4 Bxe4 10. Bxe4 Nxe4 11. Re1 Nc5 12. c3 Nxa4 13. Qxa4 Qb6 14. Be3 Bc5 15. Rad1 0-0 16. a3 bxc3 17. bxc3 d6 18. Rb1 Qc7 19. Red1 Nd7 20. Nc2 Bxe3 21. Nxe3 Ne5 22. c4 f5 23. f4 Qc5 24. Re1 Nf3+ 25. Kf2 Nxe1 26. Rxe1 Rab8 27. Re2 e5 28. Kf3 Qd4 29. Nd5 Rb2 30. Rxb2 Qxb2 31. Ne7+ Kh8 32. Nxf5 exf4 33. Qd7 fxg3 34. hxg3 g6 35. g4 gxf5 36. gxf5 Qe5 37. Kg4 Rg8+ 0-1

[Event "GER-ch Rapid 51st"]
[Site "Neuwied"]
[Date "2025.06.14"]
[Round "3"]
[White "Nechitailo, Nikita"]
[Black "Barzen, Pascal"]
[Result "1/2-1/2"]
[WhiteElo "2261"]
[BlackElo "2348"]
[PlyCount "141"]
[EventDate "2025.06.14"]
[EventType "swiss (rapid)"]
[EventRounds "9"]
[EventCountry "GER"]
[SourceTitle "CB25_2025"]
[SourceDate "2025.06.18"]
[SourceVersion "1"]
[SourceVersionDate "2025.06.18"]
[SourceQuality "1"]

1. d4 Nf6 2. c4 e6 3. Nc3 Bb4 4. e3 0-0 5. Bd2 b6 6. Nf3 Bb7 7. Bd3 d5 8. cxd5 exd5 9. Rc1 Re8 10. Ne5 Bf8 11. 0-0 c5 12. f4 Nc6 13. Bb5 Rc8 14. Qa4 Qc7 15. Be1 a6 16. Bxc6 Bxc6 17. Qxa6 Bb7 18. Qd3 Ne4 19. Nxe4 dxe4 20. Qc4 Red8 21. Bh4 Rd6 22. dxc5 bxc5 23. Rfd1 h6 24. h3 Re8 25. b4 Bc8 26. Qxe4 Rxd1+ 27. Rxd1 cxb4 28. Bg3 Be6 29. Nf3 Qc4 30. Rd4 Qxa2 31. f5 Bd7 32. Be5 Bc8 33. Qc6 Rxe5 34. Nxe5 Bxf5 35. Qe8 Qe6 36. Rd8 Qxe8 37. Rxe8 f6 38. Nf3 Kf7 39. Rb8 Be4 40. Nd4 Bd6 41. Rb6 Be7 42. Kf2 h5 43. g3 Bd5 44. Rb5 Bc4 45. Rb7 Bd5 46. Rb5 Bc4 47. Rb6 Ke8 48. Nc6 Be6 49. Rb8+ Kd7 50. Nxe7 Kxe7 51. Rb7+ Kf8 52. Rxb4 Bxh3 53. Rb7 Kg8 54. Kf3 Kh7 55. e4 Kg6 56. Kf4 Kh6 57. Rb6 Kh7 58. Ke3 Kg8 59. Rb7 Be6 60. Kd4 Kh7 61. Kc5 Bg4 62. Kd6 Bf3 63. Re7 Kh6 64. Kd7 g6 65. Ke6 Kg5 66. Rf7 Bxe4 67. Rxf6 Bf5+ 68. Kf7 Kg4 69. Rxg6+ Bxg6+ 70. Kxg6 Kxg3 71. Kxh5 1/2-1/2

[Event "GER-ch Blitz"]
[Site "Munich"]
[Date "2025.05.24"]
[Round "16"]
[White "Barzen, Pascal"]
[Black "Nothnagel, Marian Can"]
[Result "1-0"]
[WhiteElo "2348"]
[BlackElo "2434"]
[PlyCount "79"]
[EventDate "2025.05.24"]
[EventType "tourn (blitz)"]
[EventRounds "29"]
[EventCountry "GER"]
[EventCategory "6"]
[SourceTitle "CB22_2025"]
[SourceDate "2025.05.28"]
[SourceVersion "1"]
[SourceVersionDate "2025.05.28"]
[SourceQuality "1"]

1. e4 e5 2. Nf3 Nc6 3. Bb5 a6 4. Ba4 Nf6 5. 0-0 d6 6. Re1 Bd7 7. c3 g6 8. d4 Bg7 9. d5 Ne7 10. Bxd7+ Nxd7 11. c4 h6 12. Nc3 0-0 13. a3 a5 14. Rb1 f5 15. exf5 gxf5 16. b4 axb4 17. axb4 Kh7 18. Bb2 Rg8 19. g3 Bf6 20. Qc2 Qe8 21. Nb5 Rc8 22. Na7 Rb8 23. Nb5 Rc8 24. Nd2 Qg6 25. Nf1 e4 26. Bxf6 Qxf6 27. Qb2 Ne5 28. Nd2 h5 29. Nd4 h4 30. Ne6 c6 31. Nf4 Qh6 32. Kf1 cxd5 33. Qd4 hxg3 34. hxg3 Nxc4 35. Ke2 Nc6 36. Qxd5 Nxd2 37. Rh1 Nf3 38. Qf7+ Rg7 39. Rxh6+ Kxh6 40. Qh5# 1-0

[Event "GER-ch Blitz"]
[Site "Munich"]
[Date "2025.05.24"]
[Round "23"]
[White "Barzen, Pascal"]
[Black "Schneider, Ilja"]
[Result "0-1"]
[WhiteElo "2348"]
[BlackElo "2417"]
[PlyCount "52"]
[EventDate "2025.05.24"]
[EventType "tourn (blitz)"]
[EventRounds "29"]
[EventCountry "GER"]
[EventCategory "6"]
[SourceTitle "CB22_2025"]
[SourceDate "2025.05.28"]
[SourceVersion "1"]
[SourceVersionDate "2025.05.28"]
[SourceQuality "1"]

1. e4 e5 2. Nf3 Nc6 3. Bb5 a6 4. Ba4 Bc5 5. c3 Nge7 6. 0-0 Ba7 7. d4 Ng6 8. Re1 0-0 9. dxe5 Ncxe5 10. Nxe5 Nxe5 11. Be3 Bxe3 12. Rxe3 d6 13. Nd2 Qh4 14. Rg3 f5 15. Bb3+ Kh8 16. Nf3 Qxe4 17. Ng5 Qf4 18. Qh5 h6 19. Be6 Ng4 20. Nf7+ Kh7 21. Rxg4 Qxg4 22. Qxg4 fxg4 23. Bb3 Kg6 24. Re1 Rxf7 25. Re8 Rf6 26. Bc2+ Kf7 0-1

[Event "GER-ch Blitz"]
[Site "Munich"]
[Date "2025.05.24"]
[Round "24"]
[White "Chassard, Cedric"]
[Black "Barzen, Pascal"]
[Result "1/2-1/2"]
[WhiteElo "2250"]
[BlackElo "2348"]
[PlyCount "141"]
[EventDate "2025.05.24"]
[EventType "tourn (blitz)"]
[EventRounds "29"]
[EventCountry "GER"]
[EventCategory "6"]
[SourceTitle "CB22_2025"]
[SourceDate "2025.05.28"]
[SourceVersion "1"]
[SourceVersionDate "2025.05.28"]
[SourceQuality "1"]

1. e4 c5 2. Nf3 e6 3. g3 d5 4. exd5 exd5 5. d4 Nf6 6. Bg2 Be7 7. 0-0 0-0 8. Nc3 Nc6 9. dxc5 Bxc5 10. a3 Re8 11. b4 d4 12. Ne2 Bb6 13. Bb2 Bg4 14. h3 Bh5 15. Nf4 Bxf3 16. Bxf3 Qd7 17. Bg2 Ne5 18. Nd3 Nc4 19. Bc1 h6 20. Nc5 Bxc5 21. bxc5 Rac8 22. Rb1 b6 23. cxb6 axb6 24. Rb3 Red8 25. Re1 Qd6 26. Bf4 Qc5 27. a4 Nd5 28. Rb5 Qc6 29. Qxd4 Nxf4 30. Qxd8+ Rxd8 31. Bxc6 Nxh3+ 32. Kg2 Ng5 33. Re7 Kf8 34. Rc7 Rd2 35. Bb7 Ne3+ 36. Kg1 Nh3+ 37. Kh2 Nxf2 38. Rc8+ Ke7 39. Re5+ Kf6 40. Rxe3 Ng4+ 41. Kg1 Nxe3 42. Rc6+ Kg5 43. Rxb6 Rxc2 44. a5 Ra2 45. a6 f5 46. Rb3 Nc4 47. Rc3 Nd6 48. Rd3 Nxb7 49. axb7 Rb2 50. Rd7 g6 51. Rg7 Kf6 52. Rh7 h5 53. Kf1 Kg5 54. Rg7 Kf6 55. Rh7 Ke5 56. Rg7 Ke4 57. Rxg6 Rxb7 58. Kg2 Rb2+ 59. Kh3 Rb1 60. Rg5 Rc1 61. Kg2 Rc2+ 62. Kh3 Rc3 63. Rxh5 Rc1 64. Kg2 Rc2+ 65. Kh3 Rc8 66. Rh4+ Ke5 67. Ra4 Rg8 68. Kg2 Rb8 69. Ra5+ Kf6 70. Kf3 Kg5 71. Ra3 1/2-1/2

[Event "GER-ch Blitz"]
[Site "Munich"]
[Date "2025.05.24"]
[Round "28"]
[White "Svane, Rasmus"]
[Black "Barzen, Pascal"]
[Result "1-0"]
[WhiteElo "2629"]
[BlackElo "2348"]
[PlyCount "73"]
[EventDate "2025.05.24"]
[EventType "tourn (blitz)"]
[EventRounds "29"]
[EventCountry "GER"]
[EventCategory "6"]
[SourceTitle "CB22_2025"]
[SourceDate "2025.05.28"]
[SourceVersion "1"]
[SourceVersionDate "2025.05.28"]
[SourceQuality "1"]

1. Nf3 b6 2. g3 Bb7 3. Bg2 g6 4. 0-0 Bg7 5. d4 Nf6 6. c4 e6 7. Re1 Ne4 8. Nfd2 d5 9. Nc3 Nxc3 10. bxc3 0-0 11. Ba3 Re8 12. e3 Nd7 13. Rb1 Nf6 14. Qc2 Qd7 15. cxd5 exd5 16. c4 Rab8 17. cxd5 Bxd5 18. e4 Bb7 19. Bb2 Rbc8 20. Rbd1 Qe7 21. Bc3 a5 22. Qb2 Nd7 23. Re3 Nf8 24. d5 Bxc3 25. Qxc3 c6 26. Qb2 cxd5 27. exd5 Qc5 28. Ne4 Rxe4 29. Bxe4 Nd7 30. d6 Bxe4 31. Rxe4 h5 32. Re7 Rd8 33. h4 b5 34. Rde1 Nf8 35. Qf6 Qd5 36. Re8 Rxd6 37. Rxf8+ 1-0

[Event "Bielefeld rapid op"]
[Site "Bielefeld"]
[Date "2024.10.13"]
[Round "9"]
[White "Heider, Martin"]
[Black "Barzen, Pascal"]
[Result "1-0"]
[WhiteElo "2393"]
[BlackElo "2301"]
[PlyCount "159"]
[EventDate "2024.10.12"]
[EventType "swiss"]
[EventRounds "9"]
[EventCountry "GER"]
[SourceTitle "CB43_2024"]
[Source "Chessbase"]
[SourceDate "2024.10.23"]
[SourceVersion "1"]
[SourceVersionDate "2024.10.23"]
[SourceQuality "1"]

1. Nf3 Nf6 2. b3 d5 3. Bb2 Bf5 4. Nh4 Bg6 5. Nxg6 hxg6 6. g3 c6 7. Bg2 Nbd7 8. d3 e5 9. e3 Bd6 10. Nd2 Qe7 11. a3 0-0 12. 0-0 Rfe8 13. c4 Rad8 14. b4 Bb8 15. Qb3 e4 16. Rac1 dxc4 17. Nxc4 exd3 18. Rcd1 Ne5 19. Nxe5 Bxe5 20. Bxe5 Qxe5 21. Rxd3 Rxd3 22. Qxd3 Re7 23. a4 Rd7 24. Qc4 a6 25. Qc2 a5 26. Qb3 axb4 27. Qxb4 Nd5 28. Qg4 Nf6 29. Qb4 Nd5 30. Qc5 Qc3 31. Qa7 Qb2 32. a5 Kh7 33. h4 Re7 34. Bxd5 cxd5 35. Qc5 Rd7 36. Rd1 Qb3 37. Rd4 f5 38. Kg2 Qb1 39. Rb4 Qd3 40. Qc8 Re7 41. Rd4 Qe2 42. Qc3 Qb5 43. Qd2 Re5 44. Qa2 Qc6 45. Qb3 Qc7 46. Qb5 Qc6 47. Qxc6 bxc6 48. a6 Re7 49. Rb4 Ra7 50. Rb6 c5 51. Kf3 Kh6 52. Kf4 Re7 53. f3 Kh7 54. Rd6 c4 55. Rxd5 Rc7 56. Ra5 c3 57. Ra1 c2 58. Rc1 Ra7 59. Rxc2 Rxa6 60. Rc8 Ra4+ 61. e4 Rb4 62. Re8 Ra4 63. Kg5 fxe4 64. fxe4 Ra8 65. Re6 Re8 66. Rxg6 Rxe4 67. h5 Ra4 68. Re6 Ra5+ 69. Kh4 Ra4+ 70. g4 Ra1 71. Re5 Ra4 72. Kg5 Ra6 73. Kf4 Rf6+ 74. Rf5 Ra6 75. Rf8 g6 76. Rf7+ Kg8 77. hxg6 Rxg6 78. Ra7 Rf6+ 79. Kg5 Rf7 80. Rxf7 1-0

[Event "Rheinland Pfalz op 14th"]
[Site "Neuwied"]
[Date "2024.05.31"]
[Round "4"]
[White "Iolis, Oleg"]
[Black "Barzen, Pascal"]
[Result "0-1"]
[WhiteElo "2149"]
[BlackElo "2291"]
[PlyCount "72"]
[EventDate "2024.05.30"]
[EventType "swiss"]
[EventRounds "7"]
[EventCountry "GER"]
[SourceTitle "CBM 220 Extra"]
[Source "ChessBase"]
[SourceDate "2024.07.31"]
[SourceVersion "1"]
[SourceVersionDate "2024.07.31"]
[SourceQuality "1"]

1. e4 c5 2. Nf3 e6 3. d4 cxd4 4. Nxd4 a6 5. Bd3 Bc5 6. Nb3 Ba7 7. Qe2 Ne7 8. Be3 0-0 9. 0-0 Nbc6 10. Bxa7 Rxa7 11. c4 d5 12. exd5 exd5 13. Rd1 d4 14. N1d2 Ng6 15. Bxg6 fxg6 16. c5 Re8 17. Qf1 Bg4 18. Re1 Rxe1 19. Rxe1 Ra8 20. Qc4+ Kh8 21. Ne4 h6 22. Nd6 Qf6 23. f3 Rf8 24. Qd5 Bc8 25. Ne4 Qh4 26. Rd1 Bf5 27. Nd6 Bc2 28. Rf1 Qe7 29. g3 Qe3+ 30. Kg2 Kh7 31. Rf2 d3 32. Nd2 Ne5 33. N2c4 Ng4 34. Nxe3 Nxe3+ 35. Kg1 Nxd5 36. Nxb7 Rc8 0-1

[Event "Rheinland Pfalz-ch Blitz"]
[Site "Landau"]
[Date "2024.05.05"]
[Round "26"]
[White "Barzen, Pascal"]
[Black "Frohnhaeuser, Simon"]
[Result "1-0"]
[WhiteElo "2360"]
[BlackElo "1959"]
[PlyCount "47"]
[EventDate "2024.05.05"]
[EventType "tourn (blitz)"]
[EventRounds "29"]
[EventCountry "GER"]
[SourceTitle "CBM 220 Extra"]
[Source "ChessBase"]
[SourceDate "2024.07.31"]
[SourceVersion "1"]
[SourceVersionDate "2024.07.31"]
[SourceQuality "1"]

1. e4 c5 2. Nc3 a6 3. g3 b5 4. Bg2 Bb7 5. d3 e6 6. f4 Nc6 7. Nf3 Nge7 8. 0-0 g6 9. f5 gxf5 10. exf5 Nxf5 11. Ng5 Be7 12. Qh5 Rf8 13. g4 Bxg5 14. Bxg5 Nfe7 15. Ne4 Qb6 16. Nd6+ Kd8 17. Rxf7 Kc7 18. Nxb7 Rxf7 19. Qxf7 Ng6 20. Re1 Rf8 21. Qxh7 Nf4 22. Be4 c4+ 23. Kh1 Qxb7 24. Qh6 1-0

[Event "Rheinland Pfalz-ch Blitz"]
[Site "Landau"]
[Date "2024.05.05"]
[Round "21"]
[White "Karsay, Pascal"]
[Black "Barzen, Pascal"]
[Result "1/2-1/2"]
[WhiteElo "2337"]
[BlackElo "2360"]
[PlyCount "67"]
[EventDate "2024.05.05"]
[EventType "tourn (blitz)"]
[EventRounds "29"]
[EventCountry "GER"]
[SourceTitle "CBM 220 Extra"]
[Source "ChessBase"]
[SourceDate "2024.07.31"]
[SourceVersion "1"]
[SourceVersionDate "2024.07.31"]
[SourceQuality "1"]

1. d4 Nf6 2. c4 e6 3. Nf3 b6 4. g3 Ba6 5. Nbd2 Bb7 6. Bg2 Be7 7. 0-0 0-0 8. b3 c5 9. dxc5 Bxc5 10. Bb2 d5 11. Ne5 Qe7 12. Nd3 Ba3 13. Bxf6 Qxf6 14. cxd5 exd5 15. b4 a5 16. Qb3 axb4 17. Bxd5 Bxd5 18. Qxd5 Nc6 19. Nc4 Rad8 20. Qh5 Nd4 21. Rad1 g6 22. Qg4 h5 23. Qe4 Rfe8 24. Nde5 b5 25. Rxd4 Rxd4 26. Nd7 Rdxe4 27. Nxf6+ Kf8 28. Nd6 Rxe2 29. Nfxe8 Ke7 30. Rb1 Rxa2 31. Nxb5 Kxe8 32. Nc7+ Kd7 33. Nd5 Rb2 34. Rxb2 1/2-1/2

[Event "Rheinland Pfalz-ch Blitz"]
[Site "Landau"]
[Date "2024.05.05"]
[Round "17"]
[White "Roth, Jonas"]
[Black "Barzen, Pascal"]
[Result "0-1"]
[WhiteElo "1766"]
[BlackElo "2360"]
[PlyCount "46"]
[EventDate "2024.05.05"]
[EventType "tourn (blitz)"]
[EventRounds "29"]
[EventCountry "GER"]
[SourceTitle "CBM 220 Extra"]
[Source "ChessBase"]
[SourceDate "2024.07.31"]
[SourceVersion "1"]
[SourceVersionDate "2024.07.31"]
[SourceQuality "1"]

1. d4 Nf6 2. Nf3 e6 3. Bf4 b6 4. e3 Bb7 5. c3 d5 6. Nbd2 Bd6 7. Ne5 0-0 8. Ndf3 c5 9. Bd3 Ne4 10. Bg3 f6 11. Ng4 h5 12. Nh6+ gxh6 13. Qc2 cxd4 14. exd4 f5 15. Be5 Nc6 16. Bxd6 Qxd6 17. 0-0-0 Rac8 18. Kb1 Nb4 19. Qe2 Nxd3 20. Rxd3 Ba6 21. Ne5 Bxd3+ 22. Qxd3 Rc7 23. Qf3 Nd2+ 0-1

[Event "Karlsruhe Grenke op"]
[Site "Karlsruhe"]
[Date "2024.03.30"]
[Round "5"]
[White "Barzen, Pascal"]
[Black "Hecht, Jonas Christian"]
[Result "1/2-1/2"]
[WhiteElo "2286"]
[BlackElo "2135"]
[PlyCount "20"]
[EventDate "2024.03.28"]
[EventType "swiss"]
[EventRounds "9"]
[EventCountry "GER"]
[SourceTitle "EXT 2025"]
[Source "ChessBase"]
[SourceDate "2024.10.14"]
[SourceVersion "1"]
[SourceVersionDate "2024.10.14"]
[SourceQuality "1"]

1. e4 c5 2. Nf3 e6 3. d4 cxd4 4. Nxd4 Nc6 5. Nc3 Qc7 6. Be3 a6 7. Qf3 Nf6 8. 0-0-0 Ne5 9. Qg3 b5 10. f4 Neg4 1/2-1/2

[Event "BL2-Sued 2324"]
[Site "Germany"]
[Date "2024.02.04"]
[Round "6.4"]
[White "Dobrikov, Marco"]
[Black "Barzen, Pascal"]
[Result "1/2-1/2"]
[WhiteElo "2252"]
[BlackElo "2254"]
[PlyCount "102"]
[EventDate "2023.10.21"]
[EventType "team-tourn"]
[EventRounds "10"]
[EventCountry "GER"]
[SourceTitle "EXT 2025"]
[Source "ChessBase"]
[SourceDate "2024.10.14"]
[SourceVersion "1"]
[SourceVersionDate "2024.10.14"]
[SourceQuality "1"]
[WhiteTeam "Viernheim II"]
[BlackTeam "Schott Mainz"]
[WhiteTeamCountry "GER"]
[BlackTeamCountry "GER"]

1. d4 Nf6 2. c4 e6 3. Nf3 Bb4+ 4. Bd2 a5 5. a3 Bxd2+ 6. Nbxd2 d5 7. e3 0-0 8. Qc2 Nbd7 9. Bd3 h6 10. 0-0 b6 11. cxd5 exd5 12. b4 Bb7 13. Rac1 c6 14. e4 axb4 15. e5 Nh5 16. axb4 Nf4 17. Rfe1 Nxd3 18. Qxd3 Qe7 19. Qf5 Rfe8 20. Qf4 Nf8 21. b5 c5 22. Nf1 Bc8 23. Qg3 Be6 24. Ne3 Ng6 25. h4 cxd4 26. Nxd4 Qxh4 27. Qxh4 Nxh4 28. f4 g6 29. Rc6 Ra4 30. Rd1 Nf5 31. Nexf5 Bxf5 32. Nxf5 gxf5 33. g3 Re6 34. Rxd5 Rxc6 35. bxc6 Rc4 36. Rd6 Kg7 37. c7 b5 38. Rb6 Rxc7 39. Rxb5 Rc6 40. Rb7 Kg6 41. Rd7 f6 42. Rd6 Rxd6 43. exd6 Kf7 44. Kh2 Ke6 45. Kh3 Kxd6 46. Kh4 Kd5 47. Kh5 Ke4 48. Kxh6 Kf3 49. Kg6 Kxg3 50. Kxf5 Kf3 51. Kxf6 Kxf4 1/2-1/2

[Event "GER-ch blitz"]
[Site "Magdeburg"]
[Date "2022.08.21"]
[Round "7"]
[White "Barzen, Pascal"]
[Black "Gauglitz, Gernot"]
[Result "1-0"]
[WhiteElo "2342"]
[BlackElo "2371"]
[PlyCount "81"]
[EventDate "2022.08.21"]
[EventType "tourn (blitz)"]
[EventRounds "29"]
[EventCountry "GER"]
[EventCategory "5"]
[SourceTitle "CBM 210 Extra"]
[Source "ChessBase"]
[SourceDate "2022.11.30"]
[SourceVersion "1"]
[SourceVersionDate "2022.11.30"]
[SourceQuality "1"]

1. e4 c5 2. Nc3 Nc6 3. g3 g6 4. Bg2 Bg7 5. d3 d6 6. f4 e6 7. Nf3 Nge7 8. 0-0 0-0 9. Be3 Nd4 10. e5 Nec6 11. exd6 Qxd6 12. Ne4 Qe7 13. c3 Nxf3+ 14. Qxf3 Rd8 15. Nxc5 Rb8 16. d4 Qc7 17. Nd3 Ne7 18. Ne5 b6 19. Qf2 Bb7 20. a4 Nf5 21. Bd2 Nd6 22. Rfe1 f5 23. Qe2 Bd5 24. h4 Ne4 25. Kh2 Bxe5 26. fxe5 h5 27. Bf4 a5 28. Qc2 b5 29. axb5 Rxb5 30. Bf1 Rb3 31. c4 Rdb8 32. Ra2 R8b4 33. Rc1 Bb7 34. Bg2 Qb6 35. c5 Qd8 36. c6 Ba6 37. Bxe4 fxe4 38. Qxe4 Rxb2+ 39. Rc2 Rxa2 40. Rxa2 Qb6 41. Qxg6+ 1-0

[Event "GER-ch blitz"]
[Site "Magdeburg"]
[Date "2022.08.21"]
[Round "13"]
[White "Barzen, Pascal"]
[Black "Heider, Martin"]
[Result "1/2-1/2"]
[WhiteElo "2342"]
[BlackElo "2453"]
[PlyCount "90"]
[EventDate "2022.08.21"]
[EventType "tourn (blitz)"]
[EventRounds "29"]
[EventCountry "GER"]
[EventCategory "5"]
[SourceTitle "CBM 210 Extra"]
[Source "ChessBase"]
[SourceDate "2022.11.30"]
[SourceVersion "1"]
[SourceVersionDate "2022.11.30"]
[SourceQuality "1"]

1. e4 c5 2. Nc3 Nc6 3. g3 g6 4. Bg2 Bg7 5. d3 d6 6. f4 e5 7. Nf3 Nge7 8. 0-0 exf4 9. Bxf4 0-0 10. Qd2 Bg4 11. Bh6 f6 12. Be3 Be6 13. d4 cxd4 14. Nxd4 Nxd4 15. Bxd4 Nc6 16. Be3 Ne5 17. b3 Qd7 18. Nd5 f5 19. exf5 Bxf5 20. Rae1 Bh3 21. c4 Bxg2 22. Kxg2 b6 23. h3 Kh8 24. Bd4 Rae8 25. Qc3 b5 26. Rxf8+ Rxf8 27. Nf4 Qc6+ 28. Nd5 bxc4 29. bxc4 Qxc4 30. Qxc4 Nxc4 31. Bxg7+ Kxg7 32. Re4 Nb6 33. Nf4 Rf7 34. Ne6+ Kf6 35. Nf4 Rd7 36. Kf3 d5 37. Rd4 Ke5 38. Rb4 d4 39. Rb5+ Kf6 40. Ke4 g5 41. Nd3 h6 42. Ra5 Nc4 43. Ra6+ Nb6 44. Ra5 Nc4 45. Ra6+ Nb6 1/2-1/2